|
|
|
|
| LEADER |
01595nam a2200313 a 4500 |
| 001 |
13885 |
| 003 |
BD-DhAAL |
| 005 |
20200330233420.0 |
| 008 |
090621s2003 ii a b 001 0 eng d |
| 999 |
|
|
|c 1601
|d 1601
|
| 020 |
|
|
|a 0879093234
|
| 020 |
|
|
|a 0070473552
|
| 020 |
|
|
|a 9780070473553
|
| 040 |
|
|
|a BD-DhAAL
|
| 082 |
0 |
0 |
|a 610.28
|2 22
|
| 100 |
1 |
|
|a Khandpur, Raghbir Singh,
|d 1942-
|9 39945
|
| 245 |
1 |
0 |
|a Handbook of biomedical instrumentation /
|c R.S. Khandpur.
|
| 260 |
|
|
|a New Delhi :
|b Tata McGraw-Hill,
|c 2003 [reprinted 2009]
|
| 300 |
|
|
|a xviii, 924 pages :
|b illus. ;
|c 25 cm.
|
| 504 |
|
|
|a Includes bibliographical references (pages [885]-901) and index.
|
| 541 |
1 |
|
|e 13885
|
| 650 |
|
0 |
|a Medical instruments and apparatus.
|9 39946
|
| 650 |
|
0 |
|a Medical electronics
|x Equipment and supplies.
|9 39947
|
| 852 |
4 |
|
|a Ayesha Abed Library
|j General Stacks
|
| 942 |
|
|
|2 ddc
|c BK
|
| 952 |
|
|
|0 0
|1 0
|2 ddc
|4 0
|6 610_280000000000000_KHA
|7 0
|9 1471
|a BRACUL
|b BRACUL
|c GEN
|d 2009-06-28
|g 785.00
|l 1
|m 5
|o 610.28 KHA
|p 3010013885
|r 2013-01-14
|s 2011-09-26
|t 2
|w 2009-06-28
|y BK
|
| 952 |
|
|
|0 0
|1 0
|2 ddc
|4 0
|6 616_075400000000000_KHA
|7 0
|9 6782
|a BRACUL
|b BRACUL
|c GEN
|d 2010-01-03
|e Trust Line International
|l 1
|o 616.0754 KHA
|p 3010019711
|r 2011-09-21
|s 2011-04-06
|t 4
|w 2010-01-03
|y BK
|
| 952 |
|
|
|0 0
|1 0
|2 ddc
|4 0
|6 616_075400000000000_KHA
|7 0
|9 6783
|a BRACUL
|b BRACUL
|c GEN
|d 2010-01-03
|e Trust Line International
|l 2
|m 4
|o 616.0754 KHA
|p 3010019710
|r 2012-09-09
|s 2012-09-04
|t 3
|w 2010-01-03
|y BK
|
| 952 |
|
|
|0 0
|1 0
|2 ddc
|4 0
|6 616_075400000000000_KHA
|7 0
|9 12721
|a BRACUL
|b BRACUL
|c GEN
|d 2010-10-25
|l 0
|o 616.0754 KHA
|p 3010013884
|r 2010-10-25
|t 1
|w 2010-10-25
|y BK
|